000
00265nam a22001217a 4500
082
_a
923.1 MEM'T
100
_a
TRUMAN, HARRY S
_9
79448
245
_a
MEMOIRS
250
_a
VOL-1&2
260
_a
NEWYORK
_b
SIGNET
_c
1965
650
_a
WORLD WAR-II
_9
79449
942
_c
BK
999
_c
584488
_d
584488